| 000 | 00510 a2200181 4500 | ||
|---|---|---|---|
| 001 | 130172 | ||
| 022 | _a1679-656X | ||
| 040 | _cLeonardo Da Vinci | ||
| 041 | _aPortuguês | ||
| 082 |
_aOCU 2010 _b2010 |
||
| 245 | _aO Correio da Unesco 26 | ||
| 260 |
_bFGV _cJun. 1998 _aRio de Janeiro |
||
| 300 | _a42 | ||
| 362 | _a20100514 | ||
| 490 |
_aO Correio da Unesco _v26 |
||
| 697 |
_aUma escrita antes da escrita _aArte das trevas _aPintura rupestre _aUm museu ao ar livre _aÁfrica _aCartas _aGhemat |
||
| 942 | _cCR | ||
| 999 |
_c130172 _d130172 |
||